书目信息 |
| 题名: |
分析化学中的多元络合物
|
|
| 作者: | 慈云祥 , 周天泽 著 | |
| 分册: | ||
| 出版信息: | 北京 科学出版社 1999.09 |
|
| 页数: | 618页 | |
| 开本: | 32开 | |
| 丛书名: | ||
| 单 册: | ||
| 中图分类: | O655.25 | |
| 科图分类: | ||
| 主题词: | 分析化学 , 分析(化学) | |
| 电子资源: | ||
| ISBN: | 7-03-007128-X | |
| 000 | 00600nam0 2200205 45 | |
| 001 | 0008041027 | |
| 005 | 20061124152402.84 | |
| 010 | @a7-03-007128-X@d43.00元 | |
| 100 | @a20000804d1999 km y0chiy0120 ea | |
| 101 | 0 | @achi |
| 200 | 1 | @a分析化学中的多元络合物@AFen Xi Hua Xue Zhong De Duo Yuan Luo He Wu@f慈云祥,周天泽著@FCi Yun Xiang,Zhou Tian Ze Zhu |
| 210 | @a北京@c科学出版社@d1999.09 | |
| 215 | @a618页@d32开 | |
| 606 | 0 | @a分析化学 |
| 606 | 0 | @a分析(化学) |
| 690 | @aO655.25@v3 | |
| 701 | 0 | @a慈云祥@4著 |
| 701 | 0 | @a周天泽@4著 |
| 801 | @aCN@c20061124 | |
| 905 | @b88321-325@dO655.25@eC903@f5 | |
| 分析化学中的多元络合物/慈云祥,周天泽著.-北京:科学出版社,1999.09 |
| 618页;32开 |
| ISBN 7-03-007128-X:43.00元 |
| ● |
| 相关链接 |
|
|
|
正题名:分析化学中的多元络合物
索取号:O655.25/C903
 
预约/预借
| 序号 | 登录号 | 条形码 | 馆藏地/架位号 | 状态 | 备注 |
| 1 | 614708 | 206147089 | 自科库401/401自科库 64排4列2层/ [索取号:O655.25/C903] | 在馆 | |
| 2 | 614709 | 206147098 | 自科库401/401自科库 64排4列2层/ [索取号:O655.25/C903] | 在馆 | |
| 3 | 614710 | 206147105 | 自科库401/401自科库 64排4列2层/ [索取号:O655.25/C903] | 在馆 | |
| 4 | 88321 | 200883213 | 自科库401/401自科库 95排1列1层/ [索取号:O655.25/C903] | 在馆 | |
| 5 | 88322 | 200883222 | 自科库401/401自科库 95排1列1层/ [索取号:O655.25/C903] | 在馆 | |
| 6 | 88323 | 200883231 | 自科库401/401自科库 95排1列1层/ [索取号:O655.25/C903] | 在馆 | |
| 7 | 88324 | 200883240 | 自科库401/401自科库 95排1列1层/ [索取号:O655.25/C903] | 在馆 | |
| 8 | 88325 | 200883259 | 自科库401/401自科库 95排1列1层/ [索取号:O655.25/C903] | 在馆 |